000 00519nam a2200193Ia 4500
005 20260114185806.0
008 008 260114s9999 xx 000 0 eng d
020 _a9781501338168
037 _aEBOOK
040 _aCRL
_beng
_cCRL
041 _aeng
_2eng
084 _qCRL
100 _aKati Stevens
_9874460
245 0 _aFake
260 _bBloomsbury
_c2018
856 _uhttps://doi.org/10.5040/9781501338168?locatt=label:secondary_bloomsburyCollections
942 _cEBOOK
999 _c1473394
_d1473394